Quizzes
Events
Quiz Creation
Community
Videos
Private Events
Remove Ads
Sign In
Join for FREE
Feedback
Dark Mode
Quiz Categories
Sports
Geography
Music
Movies
Television
Just For Fun
Miscellaneous
History
Literature
Language
Science
Gaming
Entertainment
Religion
Holiday
For Kids
Quiz Lab
Recent
Popular Today
Quiz Kudos Today
Editor Picks
Curator Picks
Quizzes by...
Day
Popularity
Type
Ratings
Length
Year
Community
Subscriptions
Recent Discussions
Orange Saloon
Badges
Playlists
Quests
Create
Leaderboards
Showdown
Live 5
Trivia Bingo
Activity
Puzzle Library
Sporcle Events
Private Events
Virtual Trivia
Globe League
Become a Host
Pub Owners
SporcleCon
Opinionation
Our Games
Videos
Blog
Mobile Apps
Partnerships
Remove Ads and Go Orange
Feedback
Just For Fun
Clickable
Get the Picture
Humor
Quick Pick
Word Ladder
Missing Word
Mixed Word
Blitz
Minefield
This or That
Alphabet
Color
Typing
Sporcle
Puzzle
Word Play
Follow That Line
Logic
Just For Fun
Clickable
Get the Picture
Humor
Quick Pick
Word Ladder
Missing Word
Mixed Word
Blitz
Minefield
This or That
Alphabet
Color
Typing
Sporcle
Puzzle
Word Play
Follow That Line
Logic
Random Quiz
Search Sporcle
×
Quiz Lab
Quiz Lab
Just For Fun
icon
Type in answers that appear in a list
Type in answers that appear in a list
Classic
Best Score? Go Orange.
KKs Icons Stats
Can you name the Icons of Kieran Kimberley?
By
DrPipe
15m
100 Questions
16 Plays
16 Plays
16 Plays
Comments
Comments
Give Quiz Kudos
Give Quiz Kudos
-
- Ratings
hide this ad
Replay
Link that replays current quiz
Next Quiz
Link to next quiz in quiz playlist
You Got
0%
They Got
Avg Score
59%
Avg Friend Score
Upgrade to see
Score Distribution
Jump to the score distribution portion of the page
Score
0/100
Timer
15:00
0
Plays Today
Icon
% Correct
David Bowie
100%
John Waters
100%
Noel Fielding
93.8%
James Dean
93.8%
Johnny Depp
93.8%
Heath Ledger
93.8%
Divine
93.8%
Debbie Harry
93.8%
Quentin Tarantino
87.5%
Bob Fosse
87.5%
William Shakespeare
87.5%
Richey Edwards
81.3%
David Tennant
81.3%
Matt Berry
81.3%
Alfred Hitchcock
81.3%
John Cleese
81.3%
Mink Stole
81.3%
Tim Burton
81.3%
Lord Byron
81.3%
Brett Anderson
81.3%
Jake Shears
81.3%
Marilyn Monroe
81.3%
Ana Matronic
81.3%
Richard O'Brien
75%
Jim Cartwright
75%
Kenny Everett
75%
Graham Chapman
75%
Amy WInehouse
75%
Mick Jagger
75%
Lisa Riley
75%
Anne Reinkin
75%
Carlos Acosta
68.8%
Kenneth Williams
68.8%
Terry Gilliam
68.8%
Icon
% Correct
Simon Amstell
68.8%
Grace Kelly
68.8%
Stanley Kubrick
68.8%
Beth Ditto
68.8%
Ben Vereen
68.8%
Dawn French
68.8%
Marilyn Manson
68.8%
Prince
68.8%
Joel Coen
62.5%
Sid Vicious
62.5%
Lou Reed
62.5%
Faris Badwan
62.5%
Liza Minelli
62.5%
Ray Cooney
62.5%
John Hughes
62.5%
Michael Palin
62.5%
Karen O
62.5%
Lily Allen
62.5%
Uma Thurman
62.5%
Skin
62.5%
Damon Albarn
62.5%
Suzie Quatro
62.5%
Jane Horrocks
62.5%
Patricia Hearst
62.5%
Ewan McGreggor
56.3%
Adam Ant
56.3%
Eli Roth
56.3%
Judy Garland
56.3%
Morrissey
56.3%
William Blake
56.3%
Stephen Sondheim
50%
James Stewart
50%
Wes Craven
50%
Marc Bolan
50%
Icon
% Correct
Matt Shultz
50%
Sid Haig
50%
Alex James
50%
Candy Darling
50%
George Gershwin
43.8%
Caleb Followill
43.8%
Ryan Jarman
43.8%
Steve McQueen
43.8%
Barbara Windsor
43.8%
Rik Mayal
43.8%
Andy Warhol
43.8%
Nick Grimshaw
37.5%
Patrick Wolfe
37.5%
Bez
37.5%
Brendon Flowers
37.5%
Rob Zombie
37.5%
Robert Smith
31.3%
Stephen Fry
31.3%
Nicky Wire
31.3%
Sheridan Smith
31.3%
Jennifer Saunders
31.3%
Rose McGowen
25%
Mark Heap
25%
Shirley MacLaine
25%
Kathy Burke
25%
Jack White
25%
Jamie Lee Curtis
25%
Michael Caine
25%
Josh Brolin
18.8%
Pam Grier
18.8%
Jules Holland
12.5%
Chris Morris
6.3%
Quiz Playlist
Details
Report
Send in Message
Add To Playlist
Classic:
Type in answers that appear in a list
Last Updated: Feb 16, 2017
Quiz Scoreboard
CHALLENGE
Sign Up to Join the Scoreboard
Show All
Scores
Hide
Comments
May contain spoilers
Recently Published
College Basketball Coaching Resumes
by pancakes188
Sports
9m
Billboard Blitz: Fleetwood Mac
by CooCooCachoo
Music
15s
Presidents Visiting Landmarks
by Hejman
History
7m
More to Explore
Quiz From the Vault
Featured Blog Post
Where Did the Easter Bunny Come From?
hide this ad
You Might Also Like...
Tags
icon
Kieran
Today's Top Quizzes in Just For Fun
Browse Just For Fun
hide this ad
Today's Top Quizzes in icon
Browse icon
Top Contributed Quizzes in Just For Fun
1
Killer Double Trees 224 - Colour Match-Up
2
Spring Typing Challenge
3
Crossword Whiteout! 49
4
Zeroing In: Just For Fun
5
Harry Potter Logic - 'In Chains' II
6
Survivor Winners Logic Puzzle
7
Word Ladder: Ahoy Matey
8
Kyle's 122nd Triple Trees
9
Word Ladder: Wilderness Weapon
10
Edinburgh Fringe jokes 2015
Explore More
Trending Topics
Kpop
Marvel
Disney
Anime
NBA
Crossword
Harry Potter
Song
WWE
The Office
NFL
Country
Puzzle
Pokémon
Soccer
hide this ad
More By:
DrPipe
Quiz
Plays
Rating
Category
Featured
Created
They made us read
27
2.00
Literature
Nov 28, 2011
KKs Icons
16
Just For Fun
Oct 28, 2009
Go to Creator's Profile
Score Distribution
Quiz Creator Spotlight
DrPipe
Follow
Send a Message
Quizzes Created
-
Created Quiz Play Count
-
More By This Creator
Popular Quizzes Today
1
Find the US States - No Outlines Minefield
2
Find the Countries of Europe - No Outlines Minefield
3
The Countries of the World
4
Find the US States
5
Risky Map Clicking: Biggest States A-Z
6
US States
7
Popular People in 1961
8
Movies - When Are They Set?
More Just For Fun Quizzes
Sudoku from the Book VII
Quiz Lab
Trending Quizzes
Risky Map Clicking: Least Populous States A-Z
1-10 Letter G Words
1-10 Letter F Words
Risky Map Clicking: Next State Alphabetically
Click the Washington State Counties! (Map)
Recently Updated
Leaping Animals
pecheneg
Reality TV Shows (A-Z)
bhenderson79
Rickey Henderson's Hall of Fame Teammates
pecheneg
Champions League XIs: Arsenal
pecheneg
Quick Pick: Celebrities in WWE's Hall of Fame
aduchscher
A-Z Keypad Blitz II
pecheneg
Multiple Oscar Actors
pecheneg
Mystery Phrase Blitz: Oscar 'Best Actors'
pecheneg
F. Scott Fitzgerald Novels
LTH
Pick 3 Villains
ddd62291
Trending Topics
Marvel
Harry Potter
Kpop
Disney
NBA
Crossword
Anime
The Office
Puzzle
Song
WWE
Soccer
NFL
Pokémon
Country
Your Account Isn't Verified!
In order to create a playlist on Sporcle, you need to verify the email address you used during registration. Go to your
Sporcle Settings
to finish the process.
Report this User
Report this user for behavior that violates our
Community Guidelines
.
Details:
Send Report
Go to the Sporcle.com Mobile Site →
Comments